[Event "Bergheim op"]
[Site "Bergheim"]
[Date "2003.09.12"]
[Round "2"]
[White "Hoffmann, Max"]
[Black "Karaklajic, Kosta"]
[Result "1-0"]
[WhiteElo "1884"]
[BlackElo "1566"]
[PlyCount "64"]
[EventDate "2003.09.11"]
[EventType "swiss"]
[EventRounds "7"]
[EventCountry "GER"]
[SourceTitle "EXT 2006"]
[Source "ChessBase"]
[SourceDate "2005.11.24"]
[SourceVersion "1"]
[SourceVersionDate "2005.11.24"]
[SourceQuality "1"]

1. e4 d5 2. exd5 Qxd5 3. Nc3 Qd6 4. d4 Nf6 5. Bc4 a6 6. Nf3 Nc6 7. h3 Bf5 8. 0-0 e6 9. Re1 Rd8 10. Ne2 Be4 11. c3 b5 12. Bd3 Bxf3 13. gxf3 Nh5 14. Qc2 Be7 15. a4 Ne5 16. Be4 Ng6 17. axb5 axb5 18. Qd3 c6 19. Ra6 Rc8 20. Bxc6+ Rxc6 21. Qxb5 0-0 22. Rxc6 Qd7 23. Rc5 Qxb5 24. Rxb5 Nf6 25. Bg5 Ra8 26. Nf4 Nf8 27. d5 Nxd5 28. Rxd5 exd5 29. Bxe7 Re8 30. Kf1 Nd7 31. Nxd5 f6 32. Bd6 Rd8 1-0

[Event "Bergheim op"]
[Site "Bergheim"]
[Date "2003.09.11"]
[Round "1"]
[White "Malykin, Vitaly"]
[Black "Hoffmann, Max"]
[Result "1-0"]
[WhiteElo "2302"]
[BlackElo "1884"]
[PlyCount "81"]
[EventDate "2003.09.11"]
[EventType "swiss"]
[EventRounds "7"]
[EventCountry "GER"]
[SourceTitle "EXT 2006"]
[Source "ChessBase"]
[SourceDate "2005.11.24"]
[SourceVersion "1"]
[SourceVersionDate "2005.11.24"]
[SourceQuality "1"]

1. Nf3 Nf6 2. c4 g6 3. Nc3 Bg7 4. e4 d6 5. d4 0-0 6. Be2 e5 7. 0-0 Na6 8. Be3 Ng4 9. Bg5 Qe8 10. dxe5 dxe5 11. h3 h6 12. Bd2 Nf6 13. Be3 Qe7 14. Qc1 Kh7 15. Nd5 Qe6 16. Nd2 c6 17. Nxf6+ Qxf6 18. c5 g5 19. Nc4 Nc7 20. Nd6 Ne6 21. Bg4 Rd8 22. Rd1 Bf8 23. Qc3 Rb8 24. Bf5+ Kg8 25. Rd2 b6 26. b4 bxc5 27. bxc5 Bd7 28. Rad1 Be8 29. Qa5 Qe7 30. Qc3 Bg7 31. Nxe8 Rxd2 32. Qxd2 Rxe8 33. Qd7 Nd4 34. Bxd4 exd4 35. Qxc6 Rd8 36. Qb5 Qe5 37. Qc4 Bf8 38. c6 Qc7 39. Bd7 Bg7 40. Rb1 Rxd7 41. Rb7 1-0